[Event "M.Chigorin Memorial 2017 "]
[Site "?????-?????????"]
[Date "2017.10.23"]
[Round "3"]
[Board "4"]
[White "Gaifullin, Artur"]
[Black "Sethuraman, S.P."]
[Result "0-1"]
[WhiteElo "2414"]
[BlackElo "2632"]
[PlyCount "50"]
[EventDate "2017.10.21"]
[EventRounds "9"]
[EventCountry "RUS"]

1. Nf3 c5 2. e3 g6 3. d4 Bg7 4. Be2 Nf6 5. O-O b6 6. c4 O-O 7. Nc3 cxd4 8. exd4
Bb7 9. Bg5 h6 10. Bf4 d5 11. Re1 Nc6 12. Ne5 Rc8 13. Bf3 dxc4 14. Qa4 Qxd4 15.
Bxc6 Rxc6 16. Ne2 Qe4 17. f3 Qd5 18. Nxc6 Bxc6 19. Qa3 Nd7 20. Be3 Ne5 21. Nf4
Nxf3+ 22. gxf3 Qxf3 23. Qb4 e5 24. Qd2 exf4 25. Bxf4 Bd4+  0-1

[Event "M.Chigorin Memorial 2017 "]
[Site "?????-?????????"]
[Date "2017.10.23"]
[Round "3"]
[Board "5"]
[White "Gordievsky, Dmitry"]
[Black "Vokhidov, Shamsiddin"]
[Result "1-0"]
[WhiteElo "2605"]
[BlackElo "2399"]
[PlyCount "125"]
[EventDate "2017.10.21"]
[EventRounds "9"]
[EventCountry "RUS"]

1. Nf3 c5 2. c4 Nc6 3. Nc3 Nf6 4. g3 d5 5. cxd5 Nxd5 6. Bg2 g6 7. d3 Bg7 8. Bd2
O-O 9. h4 Nf6 10. Rc1 Bg4 11. Qa4 Rc8 12. Be3 b6 13. O-O Bd7 14. Qd1 Ng4 15.
Bg5 Be6 16. Bf4 Nf6 17. Qd2 Qd7 18. Rfd1 Rfd8 19. Bh6 Bh8 20. Qe1 Nd4 21. Ne5
Qe8 22. Bd2 Ng4 23. Nc4 Qd7 24. b3 Bg7 25. Qf1 Ne5 26. Be1 Nec6 27. e3 Nf5 28.
Ne2 Nd6 29. Bc3 Nb5 30. Bxg7 Kxg7 31. d4 cxd4 32. a4 Nd6 33. Nxd6 Qxd6 34. Rxc6
Rxc6 35. Rxd4 Qc7 36. Bxc6 Bxb3 37. Rxd8 Qxd8 38. Qa1+ f6 39. Qd4 Qc7 40. Qd7
Qxd7 41. Bxd7 Kf7 42. Nd4 Ba2 43. Bb5 Bd5 44. Kf1 e5 45. Nc2 Ke6 46. Ke2 Kd6
47. Kd3 Kc5 48. Kc3 g5 49. Nb4 Bf3 50. Nd3+ Kd6 51. Ne1 Bb7 52. hxg5 fxg5 53.
g4 h6 54. Be2 Bc6 55. Bd1 Bd7 56. e4 a5 57. Kc4 Kc6 58. Nd3 Be6+ 59. Kc3 Kd6
60. Nb2 Kc5 61. f3 Bf7 62. Bb3 Be8 63. Nc4  1-0

[Event "M.Chigorin Memorial 2017 "]
[Site "?????-?????????"]
[Date "2017.10.23"]
[Round "3"]
[Board "6"]
[White "Sindarov, Javokhir"]
[Black "Sakaev, Konstantin"]
[Result "1/2-1/2"]
[WhiteElo "2406"]
[BlackElo "2594"]
[PlyCount "81"]
[EventDate "2017.10.21"]
[EventRounds "9"]
[EventCountry "RUS"]

1. e4 c5 2. c3 e6 3. Nf3 d5 4. exd5 Qxd5 5. d4 Nf6 6. Bd3 Be7 7. O-O O-O 8. h3
b6 9. Bg5 Bb7 10. Nbd2 cxd4 11. cxd4 Nc6 12. Be3 Rac8 13. Rc1 Na5 14. b3 Nc6
15. Nc4 Rfd8 16. Qe2 b5 17. Ncd2 a6 18. a4 Nb4 19. Bb1 bxa4 20. bxa4 a5 21. Nc4
Ba6 22. Nfe5 Rc7 23. Rc3 Rdc8 24. Rfc1 Bd6 25. Nxd6 Rxc3 26. Nxc8 Rxc1+ 27.
Bxc1 Bxe2 28. Ne7+ Kf8 29. Nxd5 Nfxd5 30. Bd2 h6 31. Be4 Bd1 32. Nc4 Bxa4 33.
Nxa5 Nc6 34. Bxd5 exd5 35. Nxc6 Bxc6 36. f3 f6 37. Kf2 Kf7 38. Bb4 Bb5 39. h4
h5 40. Bc5 Bc4 41. Kg3  1/2-1/2

[Event "M.Chigorin Memorial 2017 "]
[Site "?????-?????????"]
[Date "2017.10.23"]
[Round "3"]
[Board "7"]
[White "Erenberg, Ariel"]
[Black "Alekseenko, Kirill"]
[Result "0-1"]
[WhiteElo "2401"]
[BlackElo "2563"]
[PlyCount "78"]
[EventDate "2017.10.21"]
[EventRounds "9"]
[EventCountry "RUS"]

1. d4 d5 2. c4 dxc4 3. Nf3 a6 4. e3 Bg4 5. Bxc4 e6 6. O-O Nf6 7. h3 Bh5 8. Nc3
Nc6 9. Be2 Bd6 10. Nd2 Bg6 11. Nc4 O-O 12. a3 Qe8 13. b4 Ne7 14. Bf3 Ned5 15.
Bb2 Rd8 16. Qe2 Nxc3 17. Bxc3 Be4 18. Rfc1 Qe7 19. Bb2 h6 20. Rd1 c6 21. Rac1
Bb8 22. g3 Qd7 23. Ne5 Qd5 24. Rc5 Bxf3 25. Nxf3 Qe4 26. Rcc1 Qf5 27. Kg2 Ne4
28. Qc2 Rd5 29. Ne1 Qg6 30. g4 f5 31. f3 Nf6 32. Rd2 h5 33. Kg1 hxg4 34. hxg4
Qh6 35. Qd3 fxg4 36. f4 Rh5 37. Rg2 Rh3 38. Kf1 Nd5 39. Nc2 Nxf4  0-1

[Event "M.Chigorin Memorial 2017 "]
[Site "?????-?????????"]
[Date "2017.10.23"]
[Round "3"]
[Board "8"]
[White "Vorobiov, Evgeny E."]
[Black "Gubajdullin, Alexei"]
[Result "1-0"]
[WhiteElo "2555"]
[BlackElo "2391"]
[PlyCount "109"]
[EventDate "2017.10.21"]
[EventRounds "9"]
[EventCountry "RUS"]

1. d4 g6 2. c4 Bg7 3. e4 d6 4. Nc3 Nf6 5. Be2 O-O 6. Nf3 Bg4 7. Be3 Nfd7 8. Rc1
c5 9. d5 b5 10. cxb5 a6 11. a4 axb5 12. axb5 Qa5 13. O-O Qb4 14. Qc2 Bxf3 15.
Bxf3 Ne5 16. Be2 Nc4 17. Bg5 h6 18. Bxe7 Re8 19. Bxc4 Rxe7 20. Be2 Rea7 21. Bg4
h5 22. Bh3 Bd4 23. g3 Kg7 24. Rfe1 Ra5 25. Kg2 R8a7 26. Re2 Ra1 27. Rce1 c4 28.
Qd2 Bf6 29. Qe3 Rxe1 30. Rxe1 Re7 31. Qd2 Qa5 32. Re2 Qa7 33. Qc2 Qa5 34. Nb1
Rc7 35. Nc3 Re7 36. Qc1 Qa7 37. Qd1 Qa5 38. Qe1 Bd4 39. Rc2 Bf6 40. Qe2 Rc7 41.
Nb1 Qa2 42. Nd2 c3 43. Qd3 Qa1 44. bxc3 Qd1 45. Ra2 Rxc3 46. Qf1 Qxf1+ 47. Kxf1
Bd4 48. Ke2 f5 49. exf5 Nd7 50. Ne4 Rb3 51. fxg6 Nb6 52. Nxd6 Be5 53. Ra7+ Kxg6
54. Bf5+ Kf6 55. Rf7+  1-0

[Event "M.Chigorin Memorial 2017 "]
[Site "?????-?????????"]
[Date "2017.10.23"]
[Round "3"]
[Board "9"]
[White "Bryakin, Mikhail"]
[Black "Paravyan, David"]
[Result "0-1"]
[WhiteElo "2391"]
[BlackElo "2548"]
[PlyCount "94"]
[EventDate "2017.10.21"]
[EventRounds "9"]
[EventCountry "RUS"]

1. d4 Nf6 2. c4 g6 3. Nc3 d5 4. Bg5 Bg7 5. e3 c5 6. cxd5 Nxd5 7. Bc4 Nxc3 8.
bxc3 cxd4 9. exd4 Qc7 10. Qb3 O-O 11. Ne2 Nc6 12. Bd3 b6 13. O-O Bb7 14. Rac1
e5 15. Qb1 Qd7 16. dxe5 Qg4 17. Be3 Nxe5 18. Ng3 Nxd3 19. Qxd3 Rad8 20. Qb5 Qe6
21. Rfe1 Rd5 22. Qb3 Qc6 23. f3 Rd3 24. Bd4 Rc8 25. Bxg7 Kxg7 26. Ne4 Qc4 27.
Qa3 Bxe4 28. Rxe4 Qc5+ 29. Qxc5 Rxc5 30. Re7 a5 31. Rb7 Rd2 32. h4 Re5 33. Rxb6
Ree2 34. Kh2 Rxg2+ 35. Kh3 Rh2+ 36. Kg3 Rdg2+ 37. Kf4 Rxh4+ 38. Ke3 Rxa2 39.
Rc6 a4 40. Rd1 Rhh2 41. Rd7 Rae2+ 42. Kf4 Rh5 43. Rd3 Ra5 44. c4 a3 45. Rd5 Ra4
46. Rd7 a2 47. Rcc7 Rxc4+  0-1

[Event "M.Chigorin Memorial 2017 "]
[Site "?????-?????????"]
[Date "2017.10.23"]
[Round "3"]
[Board "10"]
[White "Levin, Evgeny A."]
[Black "Zhang, Ziji"]
[Result "1/2-1/2"]
[WhiteElo "2545"]
[BlackElo "2387"]
[PlyCount "102"]
[EventDate "2017.10.21"]
[EventRounds "9"]
[EventCountry "RUS"]

1. d4 d5 2. c4 c6 3. Nf3 Nf6 4. e3 Bf5 5. Nc3 e6 6. Nh4 Bg6 7. Nxg6 hxg6 8. Bd3
Nbd7 9. O-O Bd6 10. h3 O-O 11. c5 Bc7 12. b4 a6 13. f4 Nh7 14. a4 f5 15. Bd2 g5
16. b5 axb5 17. axb5 Ndf6 18. Rxa8 Qxa8 19. Qa1 gxf4 20. exf4 Ba5 21. Qb2 Bxc3
22. Bxc3 Ne4 23. Bxe4 dxe4 24. d5 exd5 25. Ra1 Qe8 26. Bxg7 Rf7 27. Be5 Nf8 28.
Ra3 Ng6 29. Rg3 Kh7 30. Qe2 Qf8 31. bxc6 bxc6 32. Bd6 Qg7 33. Rg5 d4 34. Be5 d3
35. Qa2 Qf8 36. Qe6 Nxe5 37. fxe5 Kh8 38. Rh5+ Kg8 39. Rxf5 d2 40. Rg5+ Kh8 41.
Rh5+ Rh7 42. Rxh7+ Kxh7 43. Qd7+ Kg8 44. Qxd2 Qxc5+ 45. Kf1 Qxe5 46. Qd8+ Kf7
47. Qd7+ Kf8 48. Qxc6 Qa1+ 49. Kf2 Qd4+ 50. Ke2 Qd3+ 51. Ke1 Qe3+  1/2-1/2

[Event "M.Chigorin Memorial 2017 "]
[Site "?????-?????????"]
[Date "2017.10.23"]
[Round "3"]
[Board "11"]
[White "Moiseenko, Vadim"]
[Black "Vastrukhin, Oleg"]
[Result "1-0"]
[WhiteElo "2543"]
[BlackElo "2386"]
[PlyCount "75"]
[EventDate "2017.10.21"]
[EventRounds "9"]
[EventCountry "RUS"]

1. d4 g6 2. c4 Bg7 3. e4 d6 4. Nc3 e5 5. Nf3 exd4 6. Nxd4 Nc6 7. Nxc6 bxc6 8.
Be3 Ne7 9. Bd4 Bxd4 10. Qxd4 O-O 11. c5 dxc5 12. Qxd8 Rxd8 13. Na4 c4 14. Rc1
Be6 15. f3 Rab8 16. Bxc4 Rd4 17. Bxe6 Rxa4 18. Bb3 Rab4 19. Rc5 R8b5 20. Rxb5
cxb5 21. Kd2 a5 22. Rc1 c6 23. Rc5 Rd4+ 24. Kc3 Rd7 25. a4 b4+ 26. Kc2 Ra7 27.
g4 Kg7 28. g5 f6 29. h4 f5 30. Kd3 fxe4+ 31. fxe4 Kf8 32. Be6 Ke8 33. Kd4 Kd8
34. Rc1 Kc7 35. Kc5 Nc8 36. Rd1 Nb6 37. b3 Kb7 38. Rd6  1-0

[Event "M.Chigorin Memorial 2017 "]
[Site "?????-?????????"]
[Date "2017.10.23"]
[Round "3"]
[Board "12"]
[White "Geller, Jakov"]
[Black "Palachev, Petr"]
[Result "1-0"]
[WhiteElo "2526"]
[BlackElo "2372"]
[PlyCount "129"]
[EventDate "2017.10.21"]
[EventRounds "9"]
[EventCountry "RUS"]

1. e4 c5 2. Nf3 Nc6 3. Bb5 g6 4. O-O Bg7 5. Re1 Nf6 6. h3 O-O 7. e5 Nd5 8. Nc3
Nc7 9. Bxc6 dxc6 10. d3 b6 11. a4 a5 12. b3 Ne6 13. Ne4 Nd4 14. Bf4 Bf5 15. Ng3
Be6 16. Nxd4 Qxd4 17. Re4 Qd7 18. Qd2 Rfd8 19. Bh6 Bh8 20. Rae1 b5 21. Qe3 c4
22. dxc4 bxc4 23. bxc4 Rab8 24. Ne2 Qc8 25. Qc5 Rb4 26. Nd4 Rb7 27. Qxa5 c5 28.
Nxe6 fxe6 29. Be3 Qa8 30. Qxa8 Rxa8 31. Ra1 Rba7 32. Bxc5 Ra5 33. Bb4 Rxe5 34.
Rxe5 Bxe5 35. c3 Kf7 36. a5 Ra6 37. Kf1 Ke8 38. Ke2 Kd7 39. Rd1+ Kc8 40. Kd3
Bc7 41. Kc2 Ra7 42. Ra1 Ra6 43. Kb3 Kb7 44. Ka4 Kc6 45. Rd1 Ra8 46. f3 g5 47.
Rd4 h5 48. h4 gxh4 49. Rxh4 Rg8 50. Rxh5 Rxg2 51. Rc5+ Kb7 52. Kb5 Bd6 53. Rh5
Rg8 54. c5 Bc7 55. Rh7 Bd8 56. a6+ Ka7 57. c6 Re8 58. Bc5+ Kb8 59. Bb6 Bxb6 60.
Kxb6 e5 61. Rf7 e4 62. fxe4 Ka8 63. Kc7 e5 64. Kd7 Rc8 65. c7  1-0

[Event "M.Chigorin Memorial 2017 "]
[Site "?????-?????????"]
[Date "2017.10.23"]
[Round "3"]
[Board "13"]
[White "Iljiushenok, Ilia"]
[Black "Karpenko, Artem"]
[Result "1/2-1/2"]
[WhiteElo "2519"]
[BlackElo "2362"]
[PlyCount "31"]
[EventDate "2017.10.21"]
[EventRounds "9"]
[EventCountry "RUS"]

1. e4 e5 2. Nf3 Nc6 3. d4 exd4 4. Nxd4 Bc5 5. Be3 Qf6 6. c3 Nge7 7. Bc4 O-O 8.
O-O Ne5 9. Be2 Qg6 10. Bh5 Qxe4 11. Nd2 Qd3 12. Be2 Qg6 13. Bh5 Qd3 14. Be2 Qg6
15. Bh5 Qd3 16. Be2  1/2-1/2

[Event "M.Chigorin Memorial 2017 "]
[Site "?????-?????????"]
[Date "2017.10.23"]
[Round "3"]
[Board "14"]
[White "Bashirli, Nail"]
[Black "Burmakin, Vladimir"]
[Result "1/2-1/2"]
[WhiteElo "2363"]
[BlackElo "2515"]
[PlyCount "103"]
[EventDate "2017.10.21"]
[EventRounds "9"]
[EventCountry "RUS"]

1. e4 c6 2. Nc3 d5 3. Nf3 dxe4 4. Nxe4 Nf6 5. Qe2 Nxe4 6. Qxe4 Qd5 7. Qh4 Qe6+
8. Be2 Qg4 9. Qg3 Qxg3 10. hxg3 Nd7 11. b3 Nf6 12. Bb2 h6 13. O-O-O Bg4 14.
Rde1 e6 15. Bd3 Bxf3 16. gxf3 O-O-O 17. Rh4 Be7 18. f4 Ne8 19. Rh5 Bf6 20. Be5
g6 21. Rh3 h5 22. Be4 Rg8 23. c3 Bg7 24. Kc2 c5 25. c4 Nf6 26. f3 Nd7 27. Bd3
Nxe5 28. fxe5 Rd4 29. f4 Rgd8 30. Re3 Bf8 31. Rh2 Be7 32. Be4 a6 33. d3 Kc7 34.
g4 hxg4 35. Rh7 Rf8 36. Rg3 Rd7 37. Rxg4 Bd8 38. Rg1 Kc8 39. a3 a5 40. Kc3 Kc7
41. Rg2 b6 42. Bf3 f6 43. Rh6 fxe5 44. Rgxg6 Re7 45. Rf6 Rxf6 46. Rxf6 exf4 47.
Rxf4 Rg7 48. Be4 Be7 49. Rf3 Bd6 50. Rh3 Be5+ 51. Kd2 Kd6 52. Rh7  1/2-1/2

[Event "M.Chigorin Memorial 2017 "]
[Site "?????-?????????"]
[Date "2017.10.23"]
[Round "3"]
[Board "15"]
[White "Triapishko, Alexandr"]
[Black "Naboka, Sergey"]
[Result "1-0"]
[WhiteElo "2508"]
[BlackElo "2351"]
[PlyCount "75"]
[EventDate "2017.10.21"]
[EventRounds "9"]
[EventCountry "RUS"]

1. e4 e6 2. d4 d5 3. Nc3 Nf6 4. e5 Nfd7 5. f4 c5 6. Nf3 Nc6 7. Be3 Qb6 8. Na4
Qa5+ 9. c3 b6 10. Bd2 c4 11. b4 Qa6 12. a3 Ne7 13. g3 h5 14. Bh3 g6 15. Nb2 Bh6
16. a4 Nf8 17. Bg2 Bd7 18. h3 Nf5 19. Kf2 Bg7 20. g4 Ne7 21. Qe2 Qc8 22. Nd1
Bc6 23. b5 Bd7 24. Ne3 hxg4 25. hxg4 Rxh1 26. Rxh1 a6 27. Ng5 axb5 28. f5 exf5
29. Nxd5 Nxd5 30. Bxd5 Be6 31. Nxe6 Nxe6 32. gxf5 gxf5 33. Bxa8 Qxa8 34. Qf3
Qxa4 35. Qc6+ Ke7 36. d5 Qa2 37. Qd6+ Ke8 38. dxe6  1-0

[Event "M.Chigorin Memorial 2017 "]
[Site "?????-?????????"]
[Date "2017.10.23"]
[Round "3"]
[Board "16"]
[White "Baltabaev, Temirlan"]
[Black "Mikaelyan, Arman"]
[Result "1/2-1/2"]
[WhiteElo "2353"]
[BlackElo "2503"]
[PlyCount "87"]
[EventDate "2017.10.21"]
[EventRounds "9"]
[EventCountry "RUS"]

1. d4 Nf6 2. Nf3 g6 3. Bf4 Bg7 4. e3 O-O 5. Be2 d6 6. h3 c5 7. c3 cxd4 8. exd4
Qb6 9. Qc1 Nd5 10. Bh2 Nc6 11. O-O e5 12. Nbd2 Re8 13. Bc4 Nde7 14. dxe5 dxe5
15. Re1 Nf5 16. Ne4 Be6 17. Bxe6 Rxe6 18. Qc2 Rc8 19. Qb3 Qc7 20. Rad1 h6 21.
Qb5 a6 22. Qd3 Rd8 23. Qe2 Rde8 24. b4 Nd6 25. Nc5 R6e7 26. Nd2 Kh7 27. Nf1 Nb5
28. Qc4 Nd6 29. Qd3 Nf5 30. a4 a5 31. b5 Nb8 32. Qd5 Rc8 33. Ne4 Nd7 34. Nfd2
Nb6 35. Qa2 Rd7 36. Nf3 Rxd1 37. Rxd1 Qc4 38. Qxc4 Rxc4 39. Nfd2 Rc7 40. Nb3
Nxa4 41. Nxa5 Nxc3 42. b6 Rc8 43. Nxc3 Rxc3 44. Nxb7  1/2-1/2

[Event "M.Chigorin Memorial 2017 "]
[Site "?????-?????????"]
[Date "2017.10.23"]
[Round "3"]
[Board "17"]
[White "Golubov, Saveliy"]
[Black "Lesovoi, Evgenij"]
[Result "1/2-1/2"]
[WhiteElo "2501"]
[BlackElo "2351"]
[PlyCount "80"]
[EventDate "2017.10.21"]
[EventRounds "9"]
[EventCountry "RUS"]

1. d4 Nf6 2. c4 g6 3. Nc3 d5 4. cxd5 Nxd5 5. e4 Nxc3 6. bxc3 Bg7 7. Ba3 O-O 8.
Bc4 Nd7 9. Ne2 c5 10. O-O Qc7 11. Rc1 a6 12. f4 b5 13. Bd3 Bb7 14. Bb2 Rad8 15.
a4 Nb6 16. axb5 axb5 17. Ba3 Nc4 18. Bxc4 bxc4 19. e5 cxd4 20. cxd4 Rfe8 21.
Bc5 Qd7 22. Rf2 Bd5 23. Nc3 e6 24. h4 Bf8 25. Bxf8 Rxf8 26. h5 Bc6 27. Rd2 Qe7
28. Qe2 Qh4 29. Rf1 Bd5 30. hxg6 hxg6 31. Nxd5 Rxd5 32. Qxc4 Kg7 33. Qd3 Rh8
34. Qf3 Qd8 35. Qe3 Qh4 36. Qf3 Qd8 37. Qe3 Qh4 38. Qf3 Qd8 39. Qe3 Qh4 40. Qf3
Qd8  1/2-1/2

[Event "M.Chigorin Memorial 2017 "]
[Site "?????-?????????"]
[Date "2017.10.23"]
[Round "3"]
[Board "18"]
[White "Nesterov, Arseniy"]
[Black "Vakhidov, Jakhongir"]
[Result "0-1"]
[WhiteElo "2350"]
[BlackElo "2498"]
[PlyCount "78"]
[EventDate "2017.10.21"]
[EventRounds "9"]
[EventCountry "RUS"]

1. d4 d6 2. c4 g6 3. Nc3 Bg7 4. e4 Nf6 5. Be2 O-O 6. Bg5 a6 7. Qd2 c5 8. d5 Qa5
9. a4 Nbd7 10. Ra3 Qb4 11. f3 Ne5 12. Qc2 Bd7 13. Bd2 Nxc4 14. Rb3 Nxd2 15.
Rxb4 cxb4 16. Nd1 Bh6 17. b3 Rfc8 18. Qb2 a5 19. g4 Rc1 20. Bd3 Rac8 21. h4
Nxb3 22. Ne2 Ra1 23. O-O Bxa4 24. Bc2 Rxc2 25. Qxc2 Nc5 26. Qb2 Rxd1 27. g5 Bg7
28. Rxd1 Bxd1 29. gxf6 Bxf6 30. Qd2 Bxe2 31. Qxe2 b3 32. h5 b2 33. Qc2 a4 34.
h6 a3 35. Qb1 Na4 36. Kg2 Nc3 37. Qg1 Bg5 38. Qb6 Bxh6 39. Qd8+ Bf8  0-1

[Event "M.Chigorin Memorial 2017 "]
[Site "?????-?????????"]
[Date "2017.10.23"]
[Round "3"]
[Board "19"]
[White "Abdusattorov, Nodirbek"]
[Black "Belenkaya, Dina"]
[Result "1-0"]
[WhiteElo "2498"]
[BlackElo "2346"]
[PlyCount "141"]
[EventDate "2017.10.21"]
[EventRounds "9"]
[EventCountry "RUS"]

1. e4 c6 2. d4 d5 3. Nc3 dxe4 4. Nxe4 Bf5 5. Ng3 Bg6 6. h4 h6 7. Nf3 Nd7 8. h5
Bh7 9. Bd3 Bxd3 10. Qxd3 e6 11. Bd2 Ngf6 12. O-O-O Be7 13. Kb1 Qb6 14. c4 O-O
15. Ne4 Rad8 16. Nxf6+ Bxf6 17. Qa3 Qc7 18. g4 e5 19. dxe5 Nxe5 20. Bf4 Rfe8
21. Qe3 Rxd1+ 22. Rxd1 Qe7 23. Bxe5 Bxe5 24. Re1 Bf6 25. Qxa7 Qd7 26. Rxe8+
Qxe8 27. Nd2 Qe2 28. Kc1 Qxg4 29. Qa8+ Kh7 30. Qxb7 Qd4 31. Qxf7 Qxb2+ 32. Kd1
Qa1+ 33. Ke2 Qxa2 34. Qd7 Kh8 35. f4 c5 36. Kf3 Bd4 37. Qe8+ Kh7 38. Qe2 Kh8
39. Ne4 Qb3+ 40. Kg4 Qb7 41. Ng3 Qd7+ 42. Kf3 Bf6 43. Kg2 Bh4 44. Nf1 Qd4 45.
Kf3 Qd7 46. Ne3 Qh3+ 47. Ke4 Qh1+ 48. Kf5 Bf6 49. Nd5 Qh3+ 50. Kg6 Qd7 51. Nxf6
gxf6 52. Kxf6 Qd6+ 53. Kf5 Qf8+ 54. Kg4 Qg7+ 55. Kf3 Qc3+ 56. Ke4 Qf6 57. Kd5
Qf7+ 58. Kxc5 Qxf4 59. Kd5 Qf7+ 60. Kd4 Qd7+ 61. Kc3 Qg7+ 62. Kc2 Qf6 63. Qd3
Qf2+ 64. Kc3 Qe1+ 65. Kb3 Qe5 66. Qc3 Qxc3+ 67. Kxc3 Kg7 68. Kb4 Kf6 69. Kb5
Ke7 70. Kc6 Kd8 71. Kb7  1-0

[Event "M.Chigorin Memorial 2017 "]
[Site "?????-?????????"]
[Date "2017.10.23"]
[Round "3"]
[Board "20"]
[White "Schekachikhin, Maksim"]
[Black "Kharchenko, Boris"]
[Result "1-0"]
[WhiteElo "2348"]
[BlackElo "2477"]
[PlyCount "125"]
[EventDate "2017.10.21"]
[EventRounds "9"]
[EventCountry "RUS"]

1. d4 Nf6 2. c4 e5 3. dxe5 Ng4 4. Bf4 g5 5. Bg3 Bg7 6. Nf3 Nc6 7. Nc3 Ngxe5 8.
Nxe5 Nxe5 9. e3 d6 10. h4 g4 11. h5 h6 12. Be2 Be6 13. Qb3 Rb8 14. Bh4 Bf6 15.
Bxf6 Qxf6 16. Nb5 Kd7 17. Qa4 Nc6 18. Nd4 Ke7 19. Rd1 Bd7 20. Qc2 Nxd4 21. Rxd4
Rhg8 22. c5 Rg5 23. cxd6+ cxd6 24. O-O Bc6 25. Rxg4 Rbg8 26. f3 Bd7 27. Rxg5
Qxg5 28. Qe4+ Qe5 29. Qxe5+ dxe5 30. Kf2 f5 31. Rc1 Bc6 32. b4 Kd6 33. Rd1+ Kc7
34. b5 Bd7 35. Rd5 e4 36. fxe4 fxe4 37. Re5 Rf8+ 38. Kg3 Rg8+ 39. Kh2 Kd6 40.
Rxe4 Rg5 41. Rd4+ Ke7 42. a4 b6 43. g4 Re5 44. e4 Rg5 45. Kg3 Be6 46. Kf4 Rc5
47. Bd1 Bf7 48. e5 Be6 49. Bf3 Rc3 50. Be4 Rc1 51. Bf5 Rf1+ 52. Ke4 Re1+ 53.
Kf3 Rf1+ 54. Ke2 Ra1 55. Bxe6 Kxe6 56. Rd6+ Kxe5 57. Rxh6 Ra2+ 58. Kd3 Ra3+ 59.
Kc2 Rxa4 60. Rg6 Ra2+ 61. Kb3 Rg2 62. h6 Rg1 63. g5  1-0

[Event "M.Chigorin Memorial 2017 "]
[Site "?????-?????????"]
[Date "2017.10.23"]
[Round "3"]
[Board "21"]
[White "Lugovskoy, Maxim"]
[Black "Dimitrova, Aleksandra"]
[Result "1-0"]
[WhiteElo "2474"]
[BlackElo "2262"]
[PlyCount "97"]
[EventDate "2017.10.21"]
[EventRounds "9"]
[EventCountry "RUS"]

1. d4 Nf6 2. Nc3 d5 3. Bf4 c5 4. e3 cxd4 5. exd4 a6 6. Nf3 Nc6 7. Ne5 e6 8. Be2
Nxe5 9. Bxe5 Bd6 10. Bxd6 Qxd6 11. O-O O-O 12. Bd3 b5 13. Ne2 Bd7 14. Ng3 g6
15. Qd2 Kg7 16. h4 h6 17. Rfe1 b4 18. Re3 Qf4 19. Ne2 Qd6 20. Re1 Bb5 21. Nc1
Rfc8 22. Rf3 Bxd3 23. Nxd3 Ne4 24. Qd1 Qc7 25. Re2 Qa5 26. Qc1 Qxa2 27. Rxf7+
Kxf7 28. Qxh6 Ke7 29. f3 Qb1+ 30. Kh2 Qd1 31. Qg7+ Kd6 32. Qe5+ Kd7 33. Nf4 Re8
34. fxe4 dxe4 35. Qxe4 Rac8 36. Nd3 Re7 37. d5 e5 38. d6 Kxd6 39. Qxb4+ Kd7 40.
Rd2 Qf1 41. Qb7+ Rc7 42. Qd5+ Ke8 43. Qa8+ Kf7 44. Rf2+ Qxf2 45. Nxf2 Rxc2 46.
Ne4 Rxb2 47. Qxa6 Rb4 48. Qf6+ Ke8 49. Qxg6+  1-0

[Event "M.Chigorin Memorial 2017 "]
[Site "?????-?????????"]
[Date "2017.10.23"]
[Round "3"]
[Board "22"]
[White "Zakhartsov, Vladimir"]
[Black "Maltsevskaya, Aleksandra"]
[Result "1-0"]
[WhiteElo "2461"]
[BlackElo "2260"]
[PlyCount "109"]
[EventDate "2017.10.21"]
[EventRounds "9"]
[EventCountry "RUS"]

1. e4 c6 2. d4 d5 3. exd5 cxd5 4. Bd3 Nc6 5. c3 Nf6 6. Bf4 g6 7. Nf3 Bg7 8. h3
Qb6 9. Qb3 Bf5 10. Bxf5 gxf5 11. Qxb6 axb6 12. Na3 Ne4 13. Nb5 Ra5 14. a4 Kd7
15. b4 Raa8 16. Nc7 Rad8 17. Nxd5 Ke6 18. Nc7+ Kd7 19. Nb5 Ra8 20. Nd2 Nf6 21.
O-O Nd5 22. Bh2 Rhc8 23. Ra3 Na7 24. Nxa7 Rxa7 25. c4 Nxb4 26. Rb3 Rxa4 27.
Rfb1 Nc6 28. d5 Na5 29. Rxb6 Bd4 30. R6b5 Ra2 31. Rxa5 Rxd2 32. Rxb7+ Kd8 33.
Bg3 Bc5 34. d6 Bxd6 35. Rxf5 Bxg3 36. fxg3 f6 37. Rh5 Rd7 38. Rb4 e5 39. Rb6
Rxc4 40. Rxf6 e4 41. Rf8+ Kc7 42. Re8 Rd2 43. Rxh7+ Kb6 44. Re6+ Ka5 45. h4 Re2
46. Rhe7 Rcc2 47. Kh2 Rc4 48. Kh3 Re1 49. Kg4 e3+ 50. Kf3 e2 51. Rxe2 Rf1+ 52.
Rf2 Rd1 53. Re4 Rd3+ 54. Ke2 Rcc3 55. Rf3  1-0

[Event "M.Chigorin Memorial 2017 "]
[Site "?????-?????????"]
[Date "2017.10.23"]
[Round "3"]
[Board "23"]
[White "Khlebovich, Alexander"]
[Black "Kobo, Ori"]
[Result "1/2-1/2"]
[WhiteElo "2326"]
[BlackElo "2460"]
[PlyCount "81"]
[EventDate "2017.10.21"]
[EventRounds "9"]
[EventCountry "RUS"]

1. d4 d6 2. g3 Nf6 3. Bg2 g6 4. c4 Bg7 5. Nf3 Bf5 6. Nc3 Ne4 7. Nh4 Nxc3 8.
bxc3 Bc8 9. O-O O-O 10. e4 c5 11. Be3 Nc6 12. dxc5 dxc5 13. Bxc5 Be6 14. Qa4
Qc7 15. Rfd1 Bxc3 16. Rac1 Bf6 17. Nf3 Rfd8 18. Be3 Bg4 19. Rd5 e6 20. Bf4 Qe7
21. Rxd8+ Qxd8 22. e5 Bxf3 23. Bxf3 Bxe5 24. Bxc6 Bxf4 25. Rd1 Qb6 26. Be4 Bc7
27. Qb5 Rd8 28. Rxd8+ Bxd8 29. Qxb6 Bxb6 30. Bxb7 Kf8 31. a4 Ke7 32. Kf1 Kd6
33. Ke2 Kc5 34. Ba6 Kd4 35. f4 f6 36. Bc8 e5 37. fxe5 fxe5 38. Be6 e4 39. Bg8
h6 40. Bf7 g5 41. h4  1/2-1/2

[Event "M.Chigorin Memorial 2017 "]
[Site "?????-?????????"]
[Date "2017.10.23"]
[Round "3"]
[Board "24"]
[White "Timerkhanov, Alexander"]
[Black "Kezin, Roman"]
[Result "0-1"]
[WhiteElo "2312"]
[BlackElo "2455"]
[PlyCount "82"]
[EventDate "2017.10.21"]
[EventRounds "9"]
[EventCountry "RUS"]

1. d4 d5 2. c4 e6 3. Nf3 Nf6 4. e3 b6 5. cxd5 exd5 6. Qa4+ Bd7 7. Qc2 c5 8. Ne5
Bd6 9. Nc3 O-O 10. Be2 Nc6 11. Nxc6 Bxc6 12. O-O Re8 13. Bf3 Rc8 14. Rd1 c4 15.
a4 a6 16. Bd2 b5 17. axb5 axb5 18. Ne2 b4 19. Ng3 g6 20. Ra6 Bb5 21. Ra7 Bb8
22. Raa1 Bd6 23. Ra7 Ra8 24. Rda1 Rxa7 25. Rxa7 Qb6 26. Ra1 h5 27. Ne2 Bd7 28.
g3 Kg7 29. Nf4 Bf5 30. Qa4 Bxf4 31. gxf4 c3 32. Bc1 Rc8 33. b3 Bd3 34. Qa5 Qxa5
35. Rxa5 Bc2 36. Kg2 Rb8 37. f5 gxf5 38. e4 fxe4 39. Be2 Bxb3 40. Bf4 Rb6 41.
Rc5 Bc4  0-1

[Event "M.Chigorin Memorial 2017 "]
[Site "?????-?????????"]
[Date "2017.10.23"]
[Round "3"]
[Board "25"]
[White "Li, Yankai"]
[Black "Tsvetkov, Andrey"]
[Result "1-0"]
[WhiteElo "2455"]
[BlackElo "2218"]
[PlyCount "65"]
[EventDate "2017.10.21"]
[EventRounds "9"]
[EventCountry "RUS"]

1. d4 d5 2. c4 c6 3. Nf3 Nf6 4. Nc3 e6 5. e3 Nbd7 6. Bd3 dxc4 7. Bxc4 b5 8. Be2
Be7 9. O-O O-O 10. Qc2 Bb7 11. a3 a5 12. Rd1 b4 13. Na4 Qc7 14. axb4 axb4 15.
Bd2 Ra5 16. Rac1 Rfa8 17. b3 Nd5 18. Qb1 N5b6 19. Nb2 Qb8 20. Nd3 Ra2 21. Rc2
Rxc2 22. Qxc2 Nd5 23. e4 N5f6 24. Bxb4 Bxb4 25. Nxb4 c5 26. dxc5 Bxe4 27. Qc3
Qc7 28. c6 Nb8 29. Qc5 Qc8 30. c7 Nbd7 31. Qd6 Ra7 32. Rc1 Bxf3 33. gxf3  1-0

[Event "M.Chigorin Memorial 2017 "]
[Site "?????-?????????"]
[Date "2017.10.23"]
[Round "3"]
[Board "26"]
[White "Smirnov, Timofey"]
[Black "Khanin, Semen"]
[Result "1/2-1/2"]
[WhiteElo "2294"]
[BlackElo "2450"]
[PlyCount "39"]
[EventDate "2017.10.21"]
[EventRounds "9"]
[EventCountry "RUS"]

1. e4 e5 2. Nf3 Nc6 3. Bc4 Bc5 4. c3 Nf6 5. d3 O-O 6. O-O d6 7. a4 a6 8. Bb3
Ba7 9. Nbd2 Ne7 10. Re1 Ng6 11. Nf1 h6 12. Be3 Nh5 13. Bxa7 Rxa7 14. Ne3 Nhf4
15. g3 Nh3+ 16. Kg2 Qf6 17. Nd5 Qd8 18. Ne3 Qf6 19. Nd5 Qd8 20. Ne3  1/2-1/2